| 000 | 00440cam a22001692a 4500 | ||
|---|---|---|---|
| 001 | 001231 | ||
| 003 | AR-FADEU | ||
| 008 | 311216njuni####xxu####################dd | ||
| 100 | _aCalderón, Silvia | ||
| 245 | _aFluidos en microgravedad | ||
| 260 | _bUniversidad Nacional del Comahue | ||
| 260 | _aNeuquén | ||
| 260 | _cjunio 2003 | ||
| 440 | _aPrácticas Profesionales | ||
| 650 | _aMICROGRAVEDAD; FLUIDOS/TRADUC/ | ||
| 942 | _cFOLLETO | ||
| 999 |
_c1722 _d1722 |
||